000 01129nam a2200325 a 4500
001 000026980
003 OSt
005 20240508073816.0
006 a||||er|||| 001 0b
007 ta
008 110328s1951 dr ac 001 | spa d
040 _aDO-SdBNP
_bspa
_cBNPHU
041 _hspa
082 4 _a923.27293
_bR696L
_222
100 1 _aLugo Lovatón, Ramón
_954077
245 1 0 _aManuel Rodríguez Objío :
_bpoeta, restaurador, historiador, mártir /
_cRamón Lugo Lovatón.
260 _aCiudad Trujillo, República Dominicana :
_bMontalvo,
_c1951.
300 _a279 p. :
_bil., retrs. ;
_c24 cm.
490 1 _aArchivo General de la Nación;
_v7
500 _aIncluye índice onomástico.
500 _aIncluye índice de lugares y sitios geográficos.
500 _aIncluye índice de ilustraciones.
590 _aInventariado, 2021 / DG
600 1 4 _aRodriguez Objio, Manuel,
_d1838-1871
_9887
650 4 _aPoetas dominicanos
_vBiografías
_923611
651 4 _aRepública Dominicana
_vBiografías
_91083
651 4 _aRepública Dominicana
_xHistoria
_9170
910 _aValidado, 2021/MFF
942 _2ddc
_cLBS1
999 _c26472
_d26472